Top 10 rappers (New Generation) - Statistics

General Stats
  • This quiz has been taken 152 times
  • The average score is 7 of 10
Answer Stats
Hint Answer % Correct
Astro World Travis Scott
96%
Goodbye and Good Riddance Juice WRLD
81%
To pimp a butterfly Kendrick Lamar
81%
EGOR Tyler, The Creator
81%
2014 Forrest Hills Drive J Cole
80%
Scorpion Drake
74%
The perfect Luv tape Lil Uzi Vert
64%
Die Lit Playboi Carti
61%
Stoney Post Malone
46%
Champions Meek Mill
24%
No matching quizzes found
Score Distribution
Percent of People with Each Score
Percentile by Number Answered
Your Score History
You have not taken this quiz